טוען...
Arsha sandesam
| מחבר ראשי: | |
|---|---|
| פורמט: | Printed Book |
| שפה: | Malayalam |
| יצא לאור: |
Mathrubhoomi, Kozhikode
Mathrubhoomi, Kozhikode
1987
|
| LEADER | 00498nam a2200121Ia 4500 | ||
|---|---|---|---|
| 008 | 111205s9999 xx 000 0 mal d | ||
| 100 | |a V. Panoli | ||
| 245 | |a Arsha sandesam |c V. Panoli | ||
| 260 | |b Mathrubhoomi, Kozhikode |a Mathrubhoomi, Kozhikode |c 1987 | ||
| 300 | |a 230 | ||
| 942 | |c BK | ||
| 999 | |c 215466 |d 215466 | ||
| 952 | |0 0 |1 1 |2 ddc |4 0 |6 S_1R1 |7 0 |9 238214 |a MAL |b MAL |c SEC |d 1972-10-19 |g 25.00 |l 1 |o S1R1 |p MAL20377 |r 2014-02-05 |s 2013-02-22 |v 25.00 |w 2011-12-05 |x cost recovered vide chalan receipt no 1410854 date 18/01/2014 |y BK | ||